ბრძოლა ბათუმისთვის, 1921 წლის 18-20 მარტი : [მონოგრაფია] (ბიბ.ჩანაწერი № 54943)
[ მარტივი ფორმატი ]
| 000 -LEADER | |
|---|---|
| fixed length control field | 00842nam a2200157Ia 4500 |
| 001 - CONTROL NUMBER | |
| control field | 22014 |
| 003 - CONTROL NUMBER IDENTIFIER | |
| control field | GE_BSU |
| 008 - FIXED-LENGTH DATA ELEMENTS--GENERAL INFORMATION | |
| fixed length control field | 181216s||||||||xx |||||||||||||| ||und|| |
| 040 ## - CATALOGING SOURCE | |
| Transcribing agency | GE_BSU |
| 100 ## - MAIN ENTRY--PERSONAL NAME | |
| Personal name | ავტ.: ალექსანდრე დაუშვილი, ოთარ გოგოლიშვილი, ჯემალ კარალიძე [და სხვ.] |
| 245 ## - TITLE STATEMENT | |
| Title | ბრძოლა ბათუმისთვის, 1921 წლის 18-20 მარტი : [მონოგრაფია] |
| 245 ## - TITLE STATEMENT | |
| Statement of responsibility, etc. | რედ. მალხაზ მაცაბერიძე |
| 653 ## - INDEX TERM--UNCONTROLLED | |
| Uncontrolled term | საქართველოს ისტორია |
| 653 ## - INDEX TERM--UNCONTROLLED | |
| Uncontrolled term | საქართველოს ქალაქების ისტორია. ბათუმისათვის ბრძოლა 1921 წ. |
| 942 ## - ADDED ENTRY ELEMENTS (KOHA) | |
| Koha item type | წიგნი |
არაა ხელმისაწვდომი ეგზემპლარები.
